[Event "Chess24 Banter Blitz Cup"]
[Site "chess24.com INT"]
[Date "2019.09.29"]
[Round "1.9"]
[White "Perez Ponsa, Federico"]
[Black "Jumabayev, Rinat"]
[Result "1/2-1/2"]
[WhiteTitle "GM"]
[BlackTitle "GM"]
[WhiteElo "2564"]
[BlackElo "2630"]
[WhiteFideId "117927"]
[BlackFideId "13702661"]
[EventDate "2019.09.25"]
[EventType "blitz"]

1. Nf3 Nf6 2. g3 g6 3. Bg2 c5 4. O-O Bg7 5. c4 d5 6. cxd5 Nxd5 7. Nc3 Nc6 8. Qa4
Nc7 9. d3 O-O 10. Qh4 e5 11. Be3 Ne6 12. Rac1 Qxh4 13. Nxh4 Bd7 14. Nf3 Rac8 15.
Nd2 Rfd8 16. Nc4 Be8 17. f4 exf4 18. gxf4 Ned4 19. a4 Nb3 20. Rcd1 f5 21. Nb5
Bf8 22. Bf2 a6 23. Nc3 Bf7 24. Nb6 Rb8 25. e4 Nb4 26. Nbd5 Nxd5 27. exd5 Bd6 28.
Bh4 Re8 29. Rde1 Nd4 30. Bf6 b5 31. axb5 axb5 32. Be5 Red8 33. Bxd6 Rxd6 34. Re5
Rbd8 35. Ra1 b4 36. Na4 Nb3 37. Rae1 Bxd5 38. Bxd5+ Rxd5 39. Nb6 Rxd3 40. Re7
Rd1 41. Rxd1 Rxd1+ 42. Kg2 Rd2+ 43. Kh3 Rxb2 44. Nd7 Rd2 45. Nf6+ Kf8 46. Rc7
Rd6 47. Nxh7+ Ke8 48. Ng5 Kd8 49. Ra7 c4 50. Nf7+ Ke8 51. Nxd6+ Kf8 52. Nxc4 Nc5
53. Ra8+ Kg7 54. Rc8 Nd3 55. Ne5 Nxf4+ 56. Kg3 Nh5+ 57. Kf2 Kf6 58. Rc7 Kxe5 59.
Rc6 Nf4 60. Rb6 Nd5 61. Kg1 Nxb6 62. h4 Nd5 63. h5 Ne7 64. h6 g5 65. h7 Ng6 66.
h8=Q+ Nxh8 67. Kf2 Kf6 68. Ke2 Ng6 69. Kd2 Ne5 70. Ke2 f4 71. Ke1 f3 72. Kd1 Kf5
73. Ke1 Kf4 74. Kf1 g4 75. Ke1 g3 76. Kf1 g2+ 77. Ke1 Ke4 78. Kd2 f2 79. Kc2 1/2-1/2

[Event "Chess24 Banter Blitz Cup"]
[Site "chess24.com INT"]
[Date "2019.09.29"]
[Round "1.10"]
[White "Jumabayev, Rinat"]
[Black "Perez Ponsa, Federico"]
[Result "0-1"]
[WhiteTitle "GM"]
[BlackTitle "GM"]
[WhiteElo "2630"]
[BlackElo "2564"]
[WhiteFideId "13702661"]
[BlackFideId "117927"]
[EventDate "2019.09.25"]
[EventType "blitz"]

1. Nf3 Nf6 2. g3 g6 3. Bg2 Bg7 4. O-O O-O 5. c4 d6 6. d4 Bf5 7. Nc3 Ne4 8. Qb3
Nxc3 9. bxc3 Be4 10. Nh4 Bxg2 11. Kxg2 b6 12. e4 Nc6 13. Nf3 Na5 14. Qa4 c5 15.
Be3 Qe8 16. Qb5 Rc8 17. Nd2 cxd4 18. cxd4 Nxc4 19. Qb4 Nxd2 20. Qxd2 Qc6 21. f3
Qc2 22. Rf2 Qxd2 23. Rxd2 Rc4 24. Kf2 Rfc8 25. Ke2 f5 26. Rad1 Kf7 27. Rd3 Ra4
28. R1d2 Rcc4 29. g4 fxe4 30. fxe4 e5 31. Bf2 exd4 32. Rh3 d3+ 33. Rdxd3 Rxe4+
34. Kf3 Rf4+ 35. Kg2 Rxg4+ 36. Bg3 Rxa2+ 37. Kf3 h5 38. Rxd6 Ra3+ 39. Kg2 Bf8
40. Rd7+ Ke6 41. Rb7 Bc5 42. Rh4 Rxh4 43. Bxh4 a5 44. Bd8 Rb3 45. Ra7 Kd5 46.
Ra6 Kc6 0-1

[Event "Chess24 Banter Blitz Cup"]
[Site "chess24.com INT"]
[Date "2019.09.29"]
[Round "1.11"]
[White "Perez Ponsa, Federico"]
[Black "Jumabayev, Rinat"]
[Result "1-0"]
[WhiteTitle "GM"]
[BlackTitle "GM"]
[WhiteElo "2564"]
[BlackElo "2630"]
[WhiteFideId "117927"]
[BlackFideId "13702661"]
[EventDate "2019.09.25"]
[EventType "blitz"]

1. e4 c5 2. Nf3 d6 3. d4 cxd4 4. Nxd4 Nf6 5. Nc3 Nc6 6. f3 e6 7. Be3 a6 8. Qd2
Bd7 9. O-O-O h5 10. Kb1 b5 11. Nxc6 Bxc6 12. Ne2 Qc7 13. Nd4 Bb7 14. Bd3 Be7 15.
h3 h4 16. Rhe1 d5 17. Bg5 dxe4 18. fxe4 Rd8 19. e5 Rxd4 20. exf6 gxf6 21. Bxb5+
axb5 22. Qxd4 e5 23. Qd3 fxg5 24. Qxb5+ Bc6 25. Qxe5 Qxe5 26. Rxe5 Kf8 27. Rd2
Rh6 28. c3 Rf6 29. b4 Rf1+ 30. Kb2 Rg1 31. Ree2 g4 32. hxg4 Bg5 33. Rc2 Ba4 34.
c4 Bf6+ 35. Ka3 Bxc2 36. Rxc2 Ke7 37. Ka4 Rb1 38. Kb5 Be5 39. a4 Bg3 40. c5 Be1
41. Rc4 Bg3 42. a5 Rb2 43. a6 Rxg2 44. a7 Ra2 45. Kb6 h3 46. Kb7 h2 47. Rc1 Bf2
48. Rh1 Bxc5 49. bxc5 Rb2+ 50. Kc7 Ra2 51. Kb8 Rb2+ 52. Kc7 Ra2 53. Kb7 Rb2+ 54.
Kc6 Ra2 55. Rxh2 Rxa7 56. Re2+ Kf6 57. Kd6 Ra3 58. Rf2+ Kg6 59. c6 Rd3+ 60. Ke7 1-0

[Event "Chess24 Banter Blitz Cup"]
[Site "chess24.com INT"]
[Date "2019.09.29"]
[Round "1.12"]
[White "Jumabayev, Rinat"]
[Black "Perez Ponsa, Federico"]
[Result "1-0"]
[WhiteTitle "GM"]
[BlackTitle "GM"]
[WhiteElo "2630"]
[BlackElo "2564"]
[WhiteFideId "13702661"]
[BlackFideId "117927"]
[EventDate "2019.09.25"]
[EventType "blitz"]

1. e4 c6 2. d4 d5 3. exd5 cxd5 4. Bd3 Nc6 5. c3 Qc7 6. Ne2 Bg4 7. O-O e6 8. Qe1
Nf6 9. f3 Bh5 10. Qh4 h6 11. Ng3 Bg6 12. Bxg6 fxg6 13. Bg5 Be7 14. Ne2 O-O 15.
Bxf6 Bxf6 16. Qg4 e5 17. Qxg6 exd4 18. Qd3 Qb6 19. cxd4 Nxd4 20. Kh1 Nxe2 21.
Qxe2 Qxb2 22. Nd2 Qxa1 23. Rxa1 Bxa1 24. Qb5 b6 25. Qxd5+ Kh8 26. Ne4 Rad8 27.
Qb3 Be5 28. h4 Rf4 29. g3 Rff8 30. Kg2 Rd7 31. h5 Rdf7 32. f4 Bc7 33. Qe6 Bd8
34. Nc3 Re7 35. Qg6 Rd7 36. Nb5 Bf6 37. Qf5 Rfd8 38. Qe6 a6 39. Na3 b5 40. Qxa6
Rd3 41. Nxb5 Re3 42. Nd6 Kh7 43. Qc6 Re6 44. Qc2+ Kg8 45. Qc4 Rxd6 46. f5 Kf8
47. fxe6 Ke7 48. a4 Rxe6 49. a5 Rd6 50. a6 Rd4 51. Qc7+ Ke6 52. a7 Rd2+ 53. Kh3
Be5 54. Qc6+ Kf7 55. a8=Q Rd3 56. Qae8# 1-0

[Event "Chess24 Banter Blitz Cup"]
[Site "chess24.com INT"]
[Date "2019.09.29"]
[Round "1.13"]
[White "Perez Ponsa, Federico"]
[Black "Jumabayev, Rinat"]
[Result "0-1"]
[WhiteTitle "GM"]
[BlackTitle "GM"]
[WhiteElo "2564"]
[BlackElo "2630"]
[WhiteFideId "117927"]
[BlackFideId "13702661"]
[EventDate "2019.09.25"]
[EventType "blitz"]

1. e4 c5 2. Nf3 d6 3. c3 Nf6 4. Be2 Nc6 5. d4 cxd4 6. cxd4 Nxe4 7. d5 Qa5+ 8.
Nc3 Nxc3 9. bxc3 Nb8 10. O-O g6 11. Qd4 f6 12. Rb1 Nd7 13. Ng5 Qc5 14. Ne6 Qxd4
15. cxd4 Kf7 16. Re1 Nb6 17. Bf3 Bd7 18. Bd2 h5 19. Ba5 Bh6 20. Bxb6 axb6 21.
Rxb6 Ra7 22. h4 Rc8 23. Reb1 Bxe6 24. dxe6+ Kxe6 25. Rxb7 Rxb7 26. Bxb7 Rc4 27.
d5+ Kf7 28. g3 Bd2 29. Bc6 Bb4 30. a4 Bc5 31. Rb2 Rc1+ 32. Kg2 Ra1 33. Re2 g5
34. hxg5 fxg5 35. Kf3 Ra3+ 36. Ke4 Kf6 37. Rb2 h4 38. Rb8 h3 39. Rh8 g4 40. Kf4
Bxf2 41. Kxg4 Rxg3+ 42. Kf4 Ra3 43. Bd7 h2 44. Kg4 Bg3 45. Rh6+ Kg7 46. Rh5 Be5
47. Bf5 Ra1 48. Rh7+ Kg8 49. Be4 Rxa4 50. Kf5 Rxe4 51. Rh3 Re1 52. Ke6 h1=Q 53.
Rf3 Rg1 54. Kd7 Qxf3 0-1

[Event "Chess24 Banter Blitz Cup"]
[Site "chess24.com INT"]
[Date "2019.09.29"]
[Round "1.14"]
[White "Jumabayev, Rinat"]
[Black "Perez Ponsa, Federico"]
[Result "0-1"]
[WhiteTitle "GM"]
[BlackTitle "GM"]
[WhiteElo "2630"]
[BlackElo "2564"]
[WhiteFideId "13702661"]
[BlackFideId "117927"]
[EventDate "2019.09.25"]
[EventType "blitz"]

1. e4 c6 2. d4 d5 3. exd5 cxd5 4. Bd3 Nc6 5. c3 Qc7 6. h3 Nf6 7. Nf3 g6 8. Qc2
Bg7 9. O-O O-O 10. Re1 Nh5 11. a4 Nf4 12. Bf1 Bf5 13. Qd1 Rfe8 14. Na3 a6 15.
Nc2 Be4 16. Ng5 Bxc2 17. Qxc2 Nxd4 18. Qd1 Nf5 19. g3 h6 20. Bxf4 e5 21. Bd2
hxg5 22. Bxg5 e4 23. Qxd5 e3 24. Qf3 exf2+ 25. Qxf2 Qxg3+ 26. Qxg3 Nxg3 27. Bg2
Nf5 28. Bxb7 Rxe1+ 29. Rxe1 Rb8 30. Bxa6 Rxb2 31. Re8+ Kh7 32. Bc4 Nd6 33. Re2
Rb1+ 34. Kg2 Nxc4 35. Re7 Nd6 36. Bf4 Rb2+ 37. Kf1 Nf5 38. Rxf7 Kg8 39. Rc7 Rb3
40. a5 Bxc3 41. a6 Bd4 42. a7 Bxa7 43. Rxa7 Rf3+ 44. Kg2 Rxf4 45. Ra6 Kg7 46.
Ra7+ Kh6 47. Ra6 Kg5 48. Ra7 Nh4+ 49. Kg3 Rf3+ 50. Kh2 Rb3 51. Ra5+ Nf5 52. Ra2
Re3 53. Rg2+ Kh5 54. Rg4 Re2+ 55. Kg1 Nh4 56. Ra4 Nf3+ 57. Kf1 Rb2 0-1

[Event "Chess24 Banter Blitz Cup"]
[Site "chess24.com INT"]
[Date "2019.09.29"]
[Round "1.15"]
[White "Perez Ponsa, Federico"]
[Black "Jumabayev, Rinat"]
[Result "1-0"]
[WhiteTitle "GM"]
[BlackTitle "GM"]
[WhiteElo "2564"]
[BlackElo "2630"]
[WhiteFideId "117927"]
[BlackFideId "13702661"]
[EventDate "2019.09.25"]
[EventType "blitz"]

1. e4 c5 2. Nf3 d6 3. Bb5+ Nd7 4. c3 a6 5. Ba4 b5 6. Bc2 Bb7 7. O-O Ngf6 8. Re1
e5 9. d4 Be7 10. dxe5 dxe5 11. c4 b4 12. Nbd2 Qc7 13. Nf1 O-O 14. Ne3 Rfe8 15.
Nd5 Nxd5 16. exd5 g6 17. b3 Bf8 18. Ng5 Rad8 19. Qf3 f5 20. Qh3 Nf6 21. Ne6 Rxe6
22. dxe6 Re8 23. Bg5 Rxe6 24. Rad1 Bg7 25. Bh6 e4 26. Bxg7 Kxg7 27. Qg3 f4 28.
Qh4 h6 29. Qh3 Re7 30. g3 e3 31. gxf4 e2 32. Rd3 Qxf4 33. Qg3 Nh5 34. Qxf4 Nxf4
35. Rg3 g5 36. f3 Kf6 37. Kf2 h5 38. h4 gxh4 39. Rg8 h3 40. Rf8+ Rf7 41. Rxf7+
Kxf7 42. Rh1 Bc8 43. Rg1 h4 44. Re1 Ng2 45. Rh1 e1=Q+ 46. Rxe1 Nxe1 47. Be4 h2
48. Bd5+ Kf6 49. Kxe1 h1=Q+ 50. Ke2 Qh2+ 51. Ke3 Qe5+ 52. Be4 Qd4+ 53. Ke2 Ke5
54. Bd3 1-0

[Event "Chess24 Banter Blitz Cup"]
[Site "chess24.com INT"]
[Date "2019.09.29"]
[Round "1.1"]
[White "Gustafsson, Jan"]
[Black "Suarez Garcia, Carlos"]
[Result "0-1"]
[WhiteTitle "GM"]
[BlackTitle "IM"]
[WhiteElo "2645"]
[BlackElo "2445"]
[WhiteFideId "4625498"]
[BlackFideId "22230858"]
[EventDate "2019.09.25"]
[EventType "blitz"]

1. d4 d6 2. Nf3 g6 3. c4 Bg7 4. Nc3 c5 5. dxc5 Bxc3+ 6. bxc3 dxc5 7. Qxd8+ Kxd8
8. g3 Nc6 9. Be3 b6 10. Bg2 Bb7 11. O-O-O+ Kc8 12. Bh3+ f5 13. g4 e6 14. Ng5 Nf6
15. Nf7 Rf8 16. Nd6+ Kc7 17. Nxb7 Kxb7 18. gxf5 exf5 19. Bg2 Rad8 20. Bg5 Rxd1+
21. Rxd1 Ne4 22. Bxe4 fxe4 23. Rd7+ Kc8 24. Rxh7 Rxf2 25. Kd2 Ne5 26. Ke3 Rg2
27. h4 Nxc4+ 28. Kxe4 b5 29. Kd5 Rxe2 30. Kxc5 Re5+ 31. Kd4 Re6 32. Rxa7 Nb6 33.
Kc5 Nd7+ 34. Kxb5 Re5+ 35. Kb4 Re4+ 36. c4 Re6 37. c5 Nb8 38. Rh7 Nc6+ 39. Kb5
Nd4+ 40. Kc4 Nc6 41. Kd5 Nd8 42. Bxd8 Re1 43. Bg5 Rd1+ 44. Kc6 Kb8 45. Rh8+ Ka7
46. Rh7+ Ka6 47. Rg7 Ka5 48. Rxg6 Kb4 49. h5 Kc4 50. h6 Rd5 51. h7 Rxc5+ 52. Kd6
Rd5+ 53. Ke6 Rc5 54. Kf6 Rc6+ 55. Kg7 Rc5 56. Kh6 Ra5 57. h8=Q Ra6 58. Qf6 Ra5
59. Qf5 Kb4 60. Rf6 Ka4 61. Re6 Rb5 62. Re4+ Rb4 63. Re5 Ka3 64. Re4 Kxa2 65.
Re3 Kb2 0-1

[Event "Chess24 Banter Blitz Cup"]
[Site "chess24.com INT"]
[Date "2019.09.29"]
[Round "1.2"]
[White "Suarez Garcia, Carlos"]
[Black "Gustafsson, Jan"]
[Result "1-0"]
[WhiteTitle "IM"]
[BlackTitle "GM"]
[WhiteElo "2445"]
[BlackElo "2645"]
[WhiteFideId "22230858"]
[BlackFideId "4625498"]
[EventDate "2019.09.25"]
[EventType "blitz"]

1. Nf3 d5 2. b3 c5 3. e3 Nc6 4. Bb2 Nf6 5. Bb5 Bd7 6. Bxc6 Bxc6 7. Ne5 Rc8 8.
O-O e6 9. c4 Be7 10. Nxc6 Rxc6 11. cxd5 Qxd5 12. d4 O-O 13. Nc3 Qf5 14. Ne2 Rd8
15. Ng3 Qd5 16. Rc1 h5 17. Qf3 h4 18. Qxd5 Rxd5 19. Ne2 Ra6 20. a4 Rb6 21. Nf4
Rd8 22. Ba3 Ne4 23. Bxc5 Bxc5 24. dxc5 Rxb3 25. c6 bxc6 26. Rxc6 Rd2 27. Rc4 Nd6
28. Rd4 Rxd4 29. exd4 Rb4 30. g3 Rxa4 31. Rb1 Rxd4 32. Rb8+ Kh7 33. Ra8 e5 34.
Nh3 hxg3 35. hxg3 Ra4 36. Ng5+ Kg6 37. Nf3 f6 38. Rd8 Ne4 39. Nh4+ Kg5 40. Rd7
Ra1+ 41. Kg2 Ra2 42. Rxg7+ Kh6 43. Nf5+ Kh5 44. g4# 1-0

[Event "Chess24 Banter Blitz Cup"]
[Site "chess24.com INT"]
[Date "2019.09.29"]
[Round "1.3"]
[White "Gustafsson, Jan"]
[Black "Suarez Garcia, Carlos"]
[Result "1-0"]
[WhiteTitle "GM"]
[BlackTitle "IM"]
[WhiteElo "2645"]
[BlackElo "2445"]
[WhiteFideId "4625498"]
[BlackFideId "22230858"]
[EventDate "2019.09.25"]
[EventType "blitz"]

1. d4 d6 2. Nf3 Bg4 3. c4 Bxf3 4. exf3 g6 5. Nc3 Bg7 6. g3 c6 7. Bg2 Nd7 8. f4
e6 9. d5 exd5 10. cxd5 c5 11. Ne4 Ndf6 12. Qa4+ Kf8 13. O-O Nxe4 14. Bxe4 Nf6
15. Bf3 Qd7 16. Qb3 h5 17. Bd2 Kg8 18. Rae1 Kh7 19. Kg2 Rhe8 20. h3 b5 21. Qc2
Qf5 22. Qxf5 gxf5 23. Bc3 Kg6 24. Bd1 a5 25. a4 b4 26. Bxf6 Bxf6 27. b3 Bc3 28.
Re3 Bd4 29. Ree1 Bc3 30. Rxe8 Rxe8 31. Kf3 Re4 32. Bc2 Rd4 33. g4 hxg4+ 34. hxg4
Bd2 35. Bxf5+ Kf6 36. Be4 c4 37. g5+ Ke7 38. bxc4 Rxc4 39. Rd1 Bc3 40. Rb1 Rd4
41. Ke3 Rd2 42. f5 Ra2 43. f6+ Kd7 44. Rh1 Ra3 45. Kf4 Be5+ 46. Kf5 Ra2 47. f3
b3 48. Rh7 b2 49. Rxf7+ Kc8 50. g6 Rxa4 51. g7 1-0

[Event "Chess24 Banter Blitz Cup"]
[Site "chess24.com INT"]
[Date "2019.09.29"]
[Round "1.4"]
[White "Suarez Garcia, Carlos"]
[Black "Gustafsson, Jan"]
[Result "1-0"]
[WhiteTitle "IM"]
[BlackTitle "GM"]
[WhiteElo "2445"]
[BlackElo "2645"]
[WhiteFideId "22230858"]
[BlackFideId "4625498"]
[EventDate "2019.09.25"]
[EventType "blitz"]

1. Nf3 d5 2. b3 c5 3. e3 Nc6 4. Bb2 e6 5. g3 Nf6 6. Bg2 Be7 7. O-O O-O 8. Qe2 b6
9. Na3 Bb7 10. Rfd1 Rc8 11. c4 d4 12. exd4 cxd4 13. d3 Bc5 14. Nc2 Qd6 15. a3 a5
16. b4 axb4 17. axb4 Nxb4 18. Nxb4 Bxb4 19. Nxd4 Bxg2 20. Kxg2 Qd7 21. Nb5 Be7
22. Ra7 Qc6+ 23. Qf3 Qxf3+ 24. Kxf3 Bc5 25. Rb7 Rfd8 26. Ke2 Ng4 27. f3 Ne3 28.
Ra1 Nf5 29. Raa7 Rf8 30. g4 Nh4 31. Bc1 Ng6 32. f4 Ra8 33. Kf3 Rxa7 34. Rxa7 Rd8
35. Ke2 h6 36. Be3 e5 37. f5 Nf4+ 38. Bxf4 exf4 39. Nc3 g6 40. Ne4 Bd4 41. fxg6
fxg6 42. h4 b5 43. Rb7 bxc4 44. dxc4 Ra8 45. g5 hxg5 46. hxg5 Kf8 47. Kf3 Be5
48. Nc5 Ra3+ 49. Ke4 Re3+ 50. Kd5 f3 51. Nd7+ Ke8 52. Nxe5 f2 53. Rb8+ Ke7 54.
Nxg6+ Kf7 55. Rf8+ Kxg6 56. Rxf2 Kxg5 57. c5 Rd3+ 58. Kc6 Rc3 59. Kd6 Kg4 60. c6
Rd3+ 61. Kc7 Rc3 62. Rf7 Kg5 63. Kd7 Kg6 64. Re7 Kf6 65. Re6+ Kf7 66. Rd6 Re3
67. c7 Re7+ 68. Kc6 Rxc7+ 69. Kxc7 1-0

[Event "Chess24 Banter Blitz Cup"]
[Site "chess24.com INT"]
[Date "2019.09.29"]
[Round "1.5"]
[White "Gustafsson, Jan"]
[Black "Suarez Garcia, Carlos"]
[Result "0-1"]
[WhiteTitle "GM"]
[BlackTitle "IM"]
[WhiteElo "2645"]
[BlackElo "2445"]
[WhiteFideId "4625498"]
[BlackFideId "22230858"]
[EventDate "2019.09.25"]
[EventType "blitz"]

1. d4 d6 2. Nf3 g6 3. c4 Bg7 4. Nc3 c5 5. dxc5 Bxc3+ 6. bxc3 dxc5 7. Qxd8+ Kxd8
8. g3 f6 9. Bg2 Nc6 10. Be3 b6 11. Ng5 fxg5 12. Bxc6 Rb8 13. Bxg5 Nf6 14. Bf4
Bb7 15. Bxb8 Bxc6 16. f3 Kc8 17. Be5 Re8 18. Bxf6 exf6 19. Kf2 f5 20. Rhd1 Kc7
21. Rd2 Bd7 22. a3 Be6 23. Rad1 Re7 24. Rd8 Bxc4 25. e3 a5 26. h3 Bb3 27. R1d2
Kc6 28. g4 Kb5 29. gxf5 gxf5 30. R8d6 Kc4 31. Rxb6 Kxc3 32. Rdd6 c4 33. Rd5 a4
34. Rxf5 Kb2 35. Rc5 c3 36. e4 c2 37. Rbc6 Rd7 38. f4 Rd1 39. f5 c1=Q 40. Rxc1
Rxc1 41. Rxc1 Kxc1 42. e5 Kb2 43. e6 Kxa3 44. Ke3 Kb2 0-1

[Event "Chess24 Banter Blitz Cup"]
[Site "chess24.com INT"]
[Date "2019.09.29"]
[Round "1.6"]
[White "Suarez Garcia, Carlos"]
[Black "Gustafsson, Jan"]
[Result "1/2-1/2"]
[WhiteTitle "IM"]
[BlackTitle "GM"]
[WhiteElo "2445"]
[BlackElo "2645"]
[WhiteFideId "22230858"]
[BlackFideId "4625498"]
[EventDate "2019.09.25"]
[EventType "blitz"]

1. Nf3 d5 2. b3 Nf6 3. Bb2 e6 4. g3 Be7 5. Bg2 O-O 6. c4 c5 7. cxd5 Nxd5 8. O-O
b6 9. d4 Bb7 10. Nc3 Nd7 11. Nxd5 Bxd5 12. Rc1 Rc8 13. e3 Nf6 14. Qe2 Qd7 15.
Rfd1 Qb7 16. Ne1 Bxg2 17. Nxg2 h6 18. h3 Rfd8 19. dxc5 Rxd1+ 20. Qxd1 bxc5 21.
Bxf6 Bxf6 22. Ne1 a5 23. Qf3 Qb4 24. Nd3 Qd2 25. Rxc5 Rxc5 26. Qa8+ Kh7 27. Qe4+
g6 28. Nxc5 Qc1+ 29. Kh2 Qxc5 30. Qa4 Kg7 31. h4 Bc3 32. a3 Bb2 33. b4 axb4 34.
axb4 Qf5 35. Kg2 Bc3 36. b5 Be1 37. Qa1+ Kh7 38. Qxe1 Qxb5 1/2-1/2

[Event "Chess24 Banter Blitz Cup"]
[Site "chess24.com INT"]
[Date "2019.09.29"]
[Round "1.7"]
[White "Gustafsson, Jan"]
[Black "Suarez Garcia, Carlos"]
[Result "1/2-1/2"]
[WhiteTitle "GM"]
[BlackTitle "IM"]
[WhiteElo "2645"]
[BlackElo "2445"]
[WhiteFideId "4625498"]
[BlackFideId "22230858"]
[EventDate "2019.09.25"]
[EventType "blitz"]

1. d4 d6 2. Nf3 Bg4 3. c4 Bxf3 4. exf3 g6 5. Nc3 Bg7 6. Be3 c6 7. f4 Nd7 8. g4
h5 9. f5 gxf5 10. gxf5 Nh6 11. Qf3 Nf6 12. O-O-O Qa5 13. Bd3 O-O-O 14. h3 d5 15.
c5 b6 16. cxb6 axb6 17. Kb1 Kb7 18. Rhg1 Bf8 19. Rc1 Ne8 20. Bf4 Nd6 21. Qxh5
Qb4 22. Be3 f6 23. Qf3 Nhf7 24. Qg4 Bh6 25. h4 Bxe3 26. fxe3 Rh7 27. Qf4 Rdh8
28. Rg4 Nc4 29. Bxc4 Qxc4 30. Rcg1 Nd6 31. Rg7 Qd3+ 32. Ka1 Nc4 33. Rxh7 Rxh7
34. e4 Ne3 35. a3 Qxd4 36. Rc1 Nc4 37. Rd1 Qe5 38. Qxe5 fxe5 39. exd5 Rxh4 40.
dxc6+ Kxc6 41. Nd5 Rd4 42. Nxe7+ Kd7 43. Rxd4+ exd4 44. Nd5 d3 45. Kb1 Kd6 46.
Nc3 Ke5 47. Kc1 Kxf5 48. a4 Ke5 49. b3 Na5 50. Kd2 Nxb3+ 51. Kxd3 Nc5+ 52. Kc4
Nxa4 53. Nxa4 Ke4 54. Kb5 Kf4 55. Nxb6 1/2-1/2

[Event "Chess24 Banter Blitz Cup"]
[Site "chess24.com INT"]
[Date "2019.09.29"]
[Round "1.8"]
[White "Suarez Garcia, Carlos"]
[Black "Gustafsson, Jan"]
[Result "0-1"]
[WhiteTitle "IM"]
[BlackTitle "GM"]
[WhiteElo "2445"]
[BlackElo "2645"]
[WhiteFideId "22230858"]
[BlackFideId "4625498"]
[EventDate "2019.09.25"]
[EventType "blitz"]

1. Nf3 g6 2. g3 d5 3. c4 dxc4 4. Na3 Nc6 5. Nxc4 Bg7 6. Bg2 e5 7. d3 e4 8. dxe4
Qxd1+ 9. Kxd1 Nf6 10. e5 Ng4 11. Ke1 Be6 12. Na3 O-O-O 13. Bg5 Rd7 14. Rd1 Ngxe5
15. Rxd7 Nxd7 16. b3 Nb4 17. Nb5 Nxa2 18. Nbd4 Bd5 19. Be3 c5 20. Nb5 a6 21.
Nd6+ Kc7 22. Bf4 Kc6 23. Nh4 Bxg2 24. Nxg2 g5 25. Nxf7 gxf4 26. Nxh8 Bxh8 27.
Nxf4 Nc1 28. g4 Nxb3 29. g5 a5 30. h4 a4 31. f3 a3 32. Kf2 a2 33. h5 a1=Q 34.
Rxa1 Bxa1 35. Ne6 c4 36. f4 Kd5 37. f5 c3 38. Nf4+ Ke4 39. g6 c2 40. Nd3 Kxf5
41. gxh7 Kg5 42. e4 c1=Q 43. Nxc1 Nxc1 0-1

[Event "Chess24 Banter Blitz Cup"]
[Site "chess24.com INT"]
[Date "2019.09.29"]
[Round "1.9"]
[White "Gustafsson, Jan"]
[Black "Suarez Garcia, Carlos"]
[Result "1/2-1/2"]
[WhiteTitle "GM"]
[BlackTitle "IM"]
[WhiteElo "2645"]
[BlackElo "2445"]
[WhiteFideId "4625498"]
[BlackFideId "22230858"]
[EventDate "2019.09.25"]
[EventType "blitz"]

1. d4 e6 2. c4 d5 3. Nc3 c6 4. e4 Bb4 5. Bd2 Ne7 6. Qc2 O-O 7. Nf3 dxe4 8. Qxe4
Nd7 9. Bd3 Nf6 10. Qe2 b6 11. a3 Bd6 12. O-O Bb7 13. Rad1 Ng6 14. Ne5 Be7 15.
Be3 Qc7 16. Nxg6 hxg6 17. b4 c5 18. dxc5 bxc5 19. b5 Qa5 20. Qb2 Ng4 21. Bf4 Bf6
22. Rc1 g5 23. Bg3 Ne5 24. Be2 Rfd8 25. Qb3 Rd2 26. Rfd1 Rad8 27. Bf1 Ng4 28.
Na4 Bd4 29. Rxd2 Qxd2 30. Qc2 Qxc2 31. Rxc2 Be4 32. Rd2 Rc8 33. h3 Nh6 34. b6
axb6 35. Nxb6 Rc6 36. Nd7 f6 37. a4 Nf5 38. Bb8 Ra6 39. Ra2 Bc6 40. g4 Nh6 41.
Nxc5 Bxc5 42. a5 Bb4 43. Bc7 Nf7 44. Bb6 Bd6 45. c5 Be5 46. Bxa6 Nh6 47. Bf1 f5
48. a6 fxg4 49. a7 gxh3 50. a8=Q+ Bxa8 51. Rxa8+ Kh7 52. Re8 g4 53. Rxe6 Bf6 54.
Bd3+ Nf5 55. Bxf5+ Kh6 56. Rxf6+ gxf6 57. c6 Kg5 58. c7 Kxf5 59. c8=Q+ Kg5 60.
Qd7 f5 61. Qe6 Kf4 62. Qe5+ Kg5 63. Qe3+ Kf6 64. Bc7 Kg6 65. Be5 Kf7 66. Qf4 Ke6
67. Kh2 Kd5 68. Kg3 Ke6 69. Kh4 Kd5 70. Kg5 Kc5 71. Qxf5 Kb5 72. Qxg4 Kc5 73.
Qxh3 Kb5 1/2-1/2

[Event "Chess24 Banter Blitz Cup"]
[Site "chess24.com INT"]
[Date "2019.09.29"]
[Round "1.10"]
[White "Suarez Garcia, Carlos"]
[Black "Gustafsson, Jan"]
[Result "0-1"]
[WhiteTitle "IM"]
[BlackTitle "GM"]
[WhiteElo "2445"]
[BlackElo "2645"]
[WhiteFideId "22230858"]
[BlackFideId "4625498"]
[EventDate "2019.09.25"]
[EventType "blitz"]

1. Nf3 g6 2. d4 Nf6 3. c4 Bg7 4. g3 d5 5. cxd5 Nxd5 6. Bg2 Nb6 7. O-O Nc6 8. e3
O-O 9. Nc3 Re8 10. h3 a5 11. Qe2 e5 12. dxe5 Nxe5 13. Nxe5 Bxe5 14. Bd2 a4 15.
Rfd1 a3 16. b3 Qe7 17. Rac1 c6 18. Be1 Be6 19. Ne4 Bd5 20. Nc5 Bxg2 21. Kxg2 Nd5
22. e4 Bd6 23. Qf3 Nb6 24. Nxb7 Be5 25. Nc5 Bb2 26. Rc2 Rad8 27. Rxd8 Rxd8 28.
Ba5 Qa7 29. Rxb2 axb2 30. Qf6 Qxa5 31. Qxd8+ Kg7 32. Ne6+ fxe6 33. Qe7+ Kg8 34.
Qe8+ Kg7 35. Qe7+ Kh6 36. Qh4+ Qh5 37. Qf4+ Kg7 38. Qc7+ Kf8 39. Qd8+ Kf7 40.
Qc7+ Ke8 41. Qb8+ Ke7 42. Qxb6 b1=Q 43. Qc7+ Kf6 44. Qxc6 Qe5 0-1

[Event "Chess24 Banter Blitz Cup"]
[Site "chess24.com INT"]
[Date "2019.09.29"]
[Round "1.11"]
[White "Gustafsson, Jan"]
[Black "Suarez Garcia, Carlos"]
[Result "1-0"]
[WhiteTitle "GM"]
[BlackTitle "IM"]
[WhiteElo "2645"]
[BlackElo "2445"]
[WhiteFideId "4625498"]
[BlackFideId "22230858"]
[EventDate "2019.09.25"]
[EventType "blitz"]

1. d4 d5 2. Nf3 e6 3. c4 c6 4. Nc3 dxc4 5. a4 Bb4 6. Bd2 Nf6 7. Qb1 c5 8. dxc5
Bxc5 9. e3 Nc6 10. Bxc4 O-O 11. O-O e5 12. Rd1 Qe7 13. Ng5 g6 14. Nge4 Bf5 15.
Bd3 Nxe4 16. Bxe4 Bxe4 17. Qxe4 Nb4 18. a5 b6 19. h3 Rad8 20. axb6 axb6 21. Na4
f5 22. Qc4+ Qf7 23. Qxf7+ Kxf7 24. Bxb4 Bxb4 25. Nxb6 Rxd1+ 26. Rxd1 Rb8 27. Nc4
Ke6 28. Kf1 Bc5 29. Ke2 f4 30. exf4 exf4 31. Kf3 g5 32. h4 Rb4 33. Rc1 h6 34.
Rc2 Kf5 35. hxg5 hxg5 36. g4+ fxg3 37. fxg3 g4+ 38. Kg2 Ke4 39. Nd2+ Kd5 40. Nb1
Bd4 41. Nc3+ Bxc3 42. bxc3 Rc4 43. Kf2 Ke4 44. Ke2 Rc8 45. c4 Rh8 46. c5 Rh2+
47. Kd1 Rxc2 48. Kxc2 Kd5 49. Kd3 Kxc5 50. Ke4 Kd6 51. Kf5 Ke7 52. Kxg4 Kf6 53.
Kh5 Kg7 54. Kg5 Kh7 55. Kf6 Kh6 56. g4 Kh7 57. g5 Kg8 58. Kg6 Kf8 59. Kh7 1-0